[Event "PHI-ch"]
[Site "Mactan City"]
[Date "2021.12.13"]
[Round "9"]
[White "Miciano, John Marvin"]
[Black "Garcia, Jan Emmanuel"]
[Result "1/2-1/2"]
[WhiteElo "2316"]
[BlackElo "2411"]
[PlyCount "39"]
[EventDate "2021.12.09"]
[EventType "tourn"]
[EventRounds "11"]
[EventCountry "PHI"]
[EventCategory "3"]
[SourceTitle "CBM 205 Extra"]
[Source "ChessBase"]
[SourceDate "2022.01.31"]
[SourceVersion "1"]
[SourceVersionDate "2022.01.31"]
[SourceQuality "1"]

1. e4 e5 2. Nf3 Nc6 3. Bc4 Bc5 4. c3 Nf6 5. d3 a6 6. Bb3 d6 7. Nbd2 h6 8. Nf1 Be6 9. Be3 Bxe3 10. Nxe3 Qd7 11. 0-0 0-0 12. Re1 Rfe8 13. Qc2 Rad8 14. Rad1 Bxb3 15. Qxb3 Na5 16. Qc2 Nc6 17. Qb3 Na5 18. Qc2 Nc6 19. Qb3 Na5 20. Qc2 1/2-1/2

[Event "PHI-ch"]
[Site "Mactan City"]
[Date "2021.12.11"]
[Round "5"]
[White "Miciano, John Marvin"]
[Black "Concio, Michael Jr"]
[Result "1/2-1/2"]
[WhiteElo "2316"]
[BlackElo "2287"]
[PlyCount "90"]
[EventDate "2021.12.09"]
[EventType "tourn"]
[EventRounds "11"]
[EventCountry "PHI"]
[EventCategory "3"]
[SourceTitle "CBM 205 Extra"]
[Source "ChessBase"]
[SourceDate "2022.01.31"]
[SourceVersion "1"]
[SourceVersionDate "2022.01.31"]
[SourceQuality "1"]

1. e4 c6 2. d4 d5 3. exd5 cxd5 4. Bd3 Nc6 5. c3 Nf6 6. Bf4 Bg4 7. Qb3 Qd7 8. Nd2 e6 9. Ngf3 Bd6 10. Bxd6 Qxd6 11. 0-0 0-0 12. Rae1 Bf5 13. Qc2 Bxd3 14. Qxd3 Rac8 15. Re3 Ng4 16. Re2 Rfe8 17. Rfe1 Nf6 18. Ne5 Nd7 19. f4 f6 20. Nxd7 Qxd7 21. Qh3 Nd8 22. f5 Qd6 23. fxe6 Rc7 24. Nb3 Rce7 25. Nc5 b6 26. Nd3 Rxe6 27. Rxe6 Rxe6 28. Rxe6 Nxe6 29. Qe3 Kf7 30. h4 Qd7 31. Qf3 Kg8 32. Nf4 Nxf4 33. Qxf4 Kf7 34. Kf2 h5 35. Qf3 Kg6 36. Qg3+ Kh6 37. Qf4+ Kg6 38. Qg3+ Kf7 39. Qf3 g6 40. Qf4 Kg7 41. a4 Qxa4 42. Qc7+ Kh6 43. Qf4+ Kg7 44. Qc7+ Kh6 45. Qf4+ Kg7 1/2-1/2

[Event "PHI-ch"]
[Site "Mactan City"]
[Date "2021.12.10"]
[Round "2"]
[White "Laylo, Darwin"]
[Black "Miciano, John Marvin"]
[Result "1/2-1/2"]
[WhiteElo "2434"]
[BlackElo "2316"]
[PlyCount "118"]
[EventDate "2021.12.09"]
[EventType "tourn"]
[EventRounds "11"]
[EventCountry "PHI"]
[EventCategory "3"]
[SourceTitle "CBM 205 Extra"]
[Source "ChessBase"]
[SourceDate "2022.01.31"]
[SourceVersion "1"]
[SourceVersionDate "2022.01.31"]
[SourceQuality "1"]

1. d4 f5 2. Bg5 g6 3. Nc3 d5 4. h4 Nh6 5. Qd2 Nf7 6. h5 Bg7 7. Bf4 c6 8. Nf3 Nd7 9. 0-0-0 0-0 10. hxg6 hxg6 11. e3 e5 12. dxe5 Ndxe5 13. Nxe5 Nxe5 14. Bh6 Bxh6 15. Rxh6 Kg7 16. Rh1 Qf6 17. Be2 Be6 18. Qd4 b6 19. Qa4 b5 20. Qa5 Qe7 21. f4 Nd7 22. Rh3 Nf6 23. Rdh1 Rh8 24. Rxh8 Rxh8 25. Rxh8 Kxh8 26. a3 Kg7 27. Bf3 Bf7 28. Nd1 Kg8 29. Qc3 c5 30. b4 Nd7 31. bxc5 Nxc5 32. Qb4 a6 33. Kd2 Qc7 34. Nc3 Ne4+ 35. Bxe4 dxe4 36. Ne2 Bc4 37. Nd4 Qd8 38. g3 Qc7 39. Kc1 Bf7 40. Kb2 Bc4 41. Qc3 Qb6 42. Kc1 Kf7 43. a4 Kg8 44. axb5 axb5 45. Qa3 Qc7 46. Qa6 Kh7 47. Qa3 Qb7 48. Kb2 Qc7 49. Qa6 Qe7 50. Qa5 Qc5 51. Kc1 Kg8 52. Qc3 b4 53. Qa1 b3 54. Qa8+ Kh7 55. Qb7+ Kg8 56. Qb8+ Kh7 57. cxb3 Bxb3+ 58. Kb2 Bf7 59. Qb7 Qc4 1/2-1/2

[Event "PHI-ch"]
[Site "Mactan City"]
[Date "2021.12.09"]
[Round "1"]
[White "Miciano, John Marvin"]
[Black "Quizon, Daniel"]
[Result "0-1"]
[WhiteElo "2316"]
[BlackElo "2324"]
[PlyCount "144"]
[EventDate "2021.12.09"]
[EventType "tourn"]
[EventRounds "11"]
[EventCountry "PHI"]
[EventCategory "3"]
[SourceTitle "CBM 205 Extra"]
[Source "ChessBase"]
[SourceDate "2022.01.31"]
[SourceVersion "1"]
[SourceVersionDate "2022.01.31"]
[SourceQuality "1"]

1. d4 Nf6 2. Nf3 g6 3. g3 Bg7 4. Bg2 0-0 5. 0-0 d6 6. c4 c5 7. Nc3 cxd4 8. Nxd4 Nc6 9. Nxc6 bxc6 10. b3 d5 11. Bf4 Nh5 12. Bd2 dxc4 13. Bxc6 Bh3 14. Bg2 Bxg2 15. Kxg2 cxb3 16. axb3 Rc8 17. Rc1 Qa5 18. Na4 Qd5+ 19. f3 Rb8 20. Nc5 Rb5 21. Be3 Nf6 22. Bf2 Bh6 23. Rc4 Qa8 24. Qd3 Rd8 25. Rd4 Rxd4 26. Bxd4 Qe8 27. Rd1 Bg7 28. Bf2 e6 29. e4 Bf8 30. Qc3 Be7 31. Rc1 Qc6 32. Nd3 Qc5 33. Qc4 Qxc4 34. Rc2 Qc3 35. Rxc3 Rb7 36. Ne5 Nd7 37. Rc8+ Kg7 38. Nc4 Nb6 39. Bd4+ f6 40. Bxb6 axb6 41. e5 fxe5 42. Nxe5 Bd6 43. Nc4 Bc5 44. Rc6 Kf6 45. Nd2 Ke5 46. Ne4 Kd5 47. Rc8 Ra7 48. Nc3+ Ke5 49. f4+ Kf5 50. Na4 Bd4 51. Kf3 Kf6 52. Rb8 Rc7 53. h3 Rc6 54. Rb7 h6 55. Ke4 Bf2 56. g4 g5 57. fxg5+ hxg5 58. Rb8 Bg1 59. Rf8+ Ke7 60. Rf3 Rc1 61. Nc3 Bh2 62. Ne2 Rd1 63. Re3 Bd6 64. Nc3 Rf1 65. Rf3 Re1+ 66. Re3 Rh1 67. Kd3 Bf4 68. Rf3 Kd6 69. Kc4 Kc6 70. Rd3 Rc1 71. Kd4 Re1 72. Kc4 Be5 0-1

[Event "Sheikh Kamal Online Inv"]
[Site "Tornelo INT"]
[Date "2021.08.27"]
[Round "2"]
[White "Israt, Jahan Diba"]
[Black "Miciano, John Marvin"]
[Result "0-1"]
[WhiteElo "1617"]
[BlackElo "2316"]
[PlyCount "46"]
[EventDate "2021.08.27"]
[EventType "tourn (rapid)"]
[EventRounds "9"]
[EventCountry "BAN"]
[SourceTitle "CBM 204 Extra"]
[Source "ChessBase"]
[SourceDate "2021.11.30"]
[SourceVersion "1"]
[SourceVersionDate "2021.11.30"]
[SourceQuality "1"]

1. e4 c5 2. Nf3 e6 3. d4 cxd4 4. Nxd4 Nc6 5. Nc3 Nf6 6. Be2 Bb4 7. Bg5 Qa5 8. Nxc6 Bxc3+ 9. bxc3 Qxg5 10. Nd4 Qxg2 11. Bf3 Qg5 12. Rb1 0-0 13. Rb5 d5 14. exd5 exd5 15. h4 Qe5+ 16. Kf1 a6 17. Rb4 Re8 18. h5 h6 19. Qd2 Re7 20. Rg1 Bh3+ 21. Bg2 Qxh5 22. Ne2 Ne4 23. Qe3 Ng3+ 0-1

[Event "Sheikh Kamal Online Inv"]
[Site "Tornelo INT"]
[Date "2021.08.27"]
[Round "1"]
[White "Miciano, John Marvin"]
[Black "Venkatesh, Marani Rajendran"]
[Result "0-1"]
[WhiteElo "2316"]
[BlackElo "2493"]
[PlyCount "78"]
[EventDate "2021.08.27"]
[EventType "tourn (rapid)"]
[EventRounds "9"]
[EventCountry "BAN"]
[SourceTitle "CBM 204 Extra"]
[Source "ChessBase"]
[SourceDate "2021.11.30"]
[SourceVersion "1"]
[SourceVersionDate "2021.11.30"]
[SourceQuality "1"]

1. e4 c5 2. Nf3 Nc6 3. g3 g6 4. Bg2 Bg7 5. 0-0 d6 6. c3 Bg4 7. h3 Bd7 8. d4 Qc8 9. d5 Nd8 10. Kh2 h5 11. Bf4 f6 12. Be3 Nf7 13. Nbd2 g5 14. Ne1 Ngh6 15. Kg1 Bxh3 16. f3 Bd7 17. Qe2 Ne5 18. Nd3 Ng6 19. f4 h4 20. fxg5 Ng4 21. Nf4 N6e5 22. gxh4 Rxh4 23. Nf3 Nxf3+ 24. Qxf3 Ne5 25. Qf2 Rg4 26. Nh5 Bf8 27. gxf6 Rg6 28. Ng7+ Kd8 29. Qh4 Kc7 30. Ne6+ Bxe6 31. fxe7 Bg7 32. dxe6 Qxe6 33. Bg5 Rh8 34. Qf4 Rh5 35. Bh4 Bh6 36. Qf8 Bxf8 37. exf8Q Rxh4 38. Qf5 Qg8 39. Rf2 Rhg4 0-1

[Event "Asian Hybrid"]
[Site "Tornelo INT"]
[Date "2021.05.27"]
[Round "7"]
[White "Miciano, John Marvin"]
[Black "Tarigan, Gilbert Elroy"]
[Result "1/2-1/2"]
[WhiteElo "2316"]
[BlackElo "2149"]
[PlyCount "167"]
[EventDate "2021.05.21"]
[EventType "swiss"]
[EventRounds "9"]
[EventCountry "NET"]
[SourceTitle "CBM 202 Extra"]
[Source "ChessBase"]
[SourceDate "2021.07.31"]
[SourceVersion "1"]
[SourceVersionDate "2021.07.31"]
[SourceQuality "1"]

1. e4 d5 2. exd5 Qxd5 3. Nc3 Qa5 4. d4 Nf6 5. Bd2 c6 6. Bc4 Bf5 7. Qe2 e6 8. d5 cxd5 9. Nxd5 Qd8 10. Ne3 Be4 11. Nf3 Be7 12. 0-0-0 0-0 13. Bc3 Qc7 14. Ng5 Bg6 15. h4 h6 16. h5 Bh7 17. Nxh7 Nxh7 18. Ng4 Nd7 19. Kb1 Nhf6 20. Ne5 Nb6 21. Bd3 Na4 22. Bd2 Rac8 23. Rh4 Nc5 24. Bc1 Rfd8 25. Rh3 Bd6 26. Nc4 Bf4 27. Ne3 Nxd3 28. Rxd3 Rxd3 29. Qxd3 Rd8 30. Qe2 Qe5 31. Rh1 a6 32. a3 Bxe3 33. Qxe3 Qxe3 34. Bxe3 Rd5 35. c4 Rd7 36. f3 Rd3 37. Bc1 Kf8 38. Kc2 Rd7 39. b3 Ke7 40. a4 Ne8 41. Ba3+ Kd8 42. a5 e5 43. Re1 f6 44. Bc5 Nc7 45. Bb6 Kc8 46. Bxc7 Kxc7 47. Rd1 Re7 48. Kd3 e4+ 49. fxe4 Re5 50. b4 Rxh5 51. Ke3 Rh4 52. Kf3 g6 53. b5 f5 54. Re1 Kd6 55. exf5 gxf5 56. bxa6 bxa6 57. Rb1 Rxc4 58. Rh1 Kc6 59. Rxh6+ Kb5 60. Rh5 Kxa5 61. Rxf5+ Kb4 62. g4 a5 63. g5 a4 64. Rf4 Rxf4+ 65. Kxf4 a3 66. g6 a2 67. g7 a1Q 68. g8Q Qf1+ 69. Ke5 Qe2+ 70. Kf6 Qf3+ 71. Kg7 Qg4+ 72. Kh8 Qh5+ 73. Qh7 Qe8+ 74. Qg8 Qe5+ 75. Kh7 Qh5+ 76. Kg7 Qg5+ 77. Kh8 Qh6+ 78. Qh7 Qf8+ 79. Qg8 Qf6+ 80. Kh7 Qe7+ 81. Kh8 Qh4+ 82. Kg7 Qg5+ 83. Kh8 Qxg8+ 84. Kxg8 1/2-1/2

[Event "Zonal 3.3 Online"]
[Site "Tornelo INT"]
[Date "2021.05.05"]
[Round "5"]
[White "Megaranto, Susanto"]
[Black "Miciano, John Marvin"]
[Result "1-0"]
[WhiteElo "2550"]
[BlackElo "2316"]
[PlyCount "47"]
[EventDate "2021.05.01"]
[EventType "swiss"]
[EventRounds "9"]
[EventCountry "PHI"]
[SourceTitle "CBM 202 Extra"]
[Source "ChessBase"]
[SourceDate "2021.07.31"]
[SourceVersion "1"]
[SourceVersionDate "2021.07.31"]
[SourceQuality "1"]

1. e4 c6 2. c4 d5 3. exd5 cxd5 4. cxd5 Nf6 5. Nc3 Nxd5 6. Nf3 Nc6 7. Bb5 a6 8. Bxc6+ bxc6 9. 0-0 e6 10. d4 Be7 11. Ne5 Bd7 12. Qg4 0-0 13. Bh6 Bf6 14. Ne4 Be8 15. Rac1 Rc8 16. Rc5 Qe7 17. Nxf6+ Qxf6 18. Bd2 Qe7 19. Rfc1 Kh8 20. Rxd5 f5 21. Qe2 Qb7 22. Ra5 Qxb2 23. Qe3 f4 24. Qa3 1-0

[Event "Sitges Sunway online op"]
[Site "Chess.com INT"]
[Date "2020.04.27"]
[Round "9"]
[White "Vrolijk, Liam"]
[Black "Miciano, John Marvin"]
[Result "1-0"]
[WhiteElo "2502"]
[BlackElo "2337"]
[PlyCount "79"]
[EventDate "2020.04.19"]
[EventType "swiss"]
[EventRounds "9"]
[EventCountry "ESP"]
[SourceTitle "CBM 195 Extra"]
[Source "ChessBase"]
[SourceDate "2020.05.31"]
[SourceVersion "1"]
[SourceVersionDate "2020.05.31"]
[SourceQuality "1"]

1. d4 f5 2. Bg5 g6 3. Nc3 Bg7 4. e3 d5 5. h4 Nh6 6. Nf3 Nf7 7. Ne2 h6 8. Bf4 Nd7 9. c4 dxc4 10. Nc3 e5 11. Bg3 f4 12. exf4 exd4 13. Nxd4 Nb6 14. Ndb5 c6 15. Qxd8+ Kxd8 16. 0-0-0+ Ke7 17. Re1+ Kd8 18. Rd1+ Ke7 19. Nc7 Rb8 20. Re1+ Kd8 21. Ne6+ Bxe6 22. Rxe6 Kd7 23. Rxg6 Rbg8 24. h5 Nd6 25. Be2 Bxc3 26. bxc3 Ne4 27. Kc2 Nxg3 28. fxg3 Kc7 29. Bf3 Nd7 30. g4 Nf8 31. Rxg8 Rxg8 32. Re1 Rg7 33. Re8 Nd7 34. Re6 Rf7 35. Rxh6 Rxf4 36. g5 Ne5 37. g6 Nxf3 38. gxf3 Rxf3 39. g7 Rg3 40. Rg6 1-0

[Event "Eastern Asia-ch U20"]
[Site "Batangas"]
[Date "2019.12.11"]
[Round "2"]
[White "Miciano, John Marvin"]
[Black "Labog, Eric Jr"]
[Result "1-0"]
[WhiteElo "2347"]
[BlackElo "2054"]
[PlyCount "125"]
[EventDate "2019.12.10"]
[EventType "swiss"]
[EventRounds "9"]
[EventCountry "PHI"]
[SourceTitle "CBM 193 Extra"]
[Source "ChessBase"]
[SourceDate "2020.01.31"]
[SourceVersion "1"]
[SourceVersionDate "2020.01.31"]
[SourceQuality "1"]

1. e4 e5 2. Nf3 Nf6 3. Nxe5 d6 4. Nf3 Nxe4 5. c4 Be7 6. Nc3 Nf6 7. d4 0-0 8. Be2 d5 9. 0-0 dxc4 10. h3 Nbd7 11. Bxc4 Nb6 12. Bd3 c6 13. Re1 h6 14. Bf4 Nbd5 15. Be5 Be6 16. Rc1 Rc8 17. Bb1 Nd7 18. Qc2 g6 19. Bg3 Bf5 20. Nxd5 Bxc2 21. Nxe7+ Kh7 22. Rxc2 Ra8 23. d5 Qa5 24. d6 Rad8 25. Rce2 Qb5 26. Ne5 Nxe5 27. Bxe5 Qc5 28. h4 h5 29. g4 hxg4 30. h5 Rxd6 31. Bxd6 Qxd6 32. hxg6+ fxg6 33. Nxg6 Rf6 34. Ne5+ Kg7 35. Nxg4 Rf7 36. a3 Qd4 37. Ne5 Rf4 38. Re3 Kf6 39. Nd3 Rg4+ 40. Kf1 Qd5 41. Ke2 Re4 42. Rxe4 Qxe4+ 43. Kd2 Qd4 44. f3 b6 45. Re4 Qg1 46. Bc2 c5 47. Nf4 Qf2+ 48. Ne2 Qh2 49. f4 Qf2 50. Bd3 Qg2 51. Re5 Qc6 52. Nc3 Qg2+ 53. Re2 Qh1 54. Kc2 Qf3 55. b3 Qh1 56. f5 Qf3 57. Ne4+ Kg7 58. f6+ Kf8 59. Ng5 Qh5 60. Nh7+ Kg8 61. Rg2+ Kh8 62. Ng5 c4 63. bxc4 1-0

[Event "Wch U20 58th"]
[Site "New Delhi"]
[Date "2019.10.19"]
[Round "6"]
[White "Gazik, Viktor"]
[Black "Miciano, John Marvin"]
[Result "1-0"]
[WhiteElo "2546"]
[BlackElo "2345"]
[PlyCount "69"]
[EventDate "2019.10.15"]
[EventType "swiss"]
[EventRounds "11"]
[EventCountry "IND"]
[SourceTitle "CBM 192 Extra"]
[Source "Chessbase"]
[SourceDate "2019.11.06"]
[SourceVersion "1"]
[SourceVersionDate "2019.11.06"]
[SourceQuality "1"]

1. d4 f5 2. c4 Nf6 3. Nc3 g6 4. h4 Bg7 5. h5 Nxh5 6. e4 fxe4 7. Rxh5 gxh5 8. Qxh5+ Kf8 9. Bh6 d6 10. Nxe4 Bxh6 11. Qxh6+ Ke8 12. Be2 c6 13. Nf6+ exf6 14. Qg7 Qa5+ 15. Kf1 Rf8 16. Re1 Nd7 17. Bg4+ Qxe1+ 18. Kxe1 f5 19. Bh5+ Kd8 20. Nh3 Kc7 21. Ng5 Kb6 22. Ne6 Rf6 23. d5 a6 24. Be8 Rg6 25. Bxg6 hxg6 26. Qe7 Nc5 27. Qc7+ Ka7 28. Nxc5 dxc5 29. d6 Be6 30. Qe7 Bc8 31. f4 a5 32. a4 Ka6 33. Qd8 b6 34. b3 Be6 35. Qxa8# 1-0

[Event "Asia-ch U20"]
[Site "Surakarta"]
[Date "2019.07.02"]
[Round "2"]
[White "Miciano, John Marvin"]
[Black "Sevillano, Rhenzi Kyle"]
[Result "1-0"]
[WhiteElo "2355"]
[BlackElo "2185"]
[PlyCount "59"]
[EventDate "2019.07.02"]
[EventType "swiss"]
[EventRounds "9"]
[EventCountry "INA"]
[SourceTitle "CBM 191 Extra"]
[Source "ChessBase"]
[SourceDate "2019.09.30"]
[SourceVersion "1"]
[SourceVersionDate "2019.09.30"]
[SourceQuality "1"]

1. d4 Nf6 2. c4 e6 3. g3 d5 4. Bg2 dxc4 5. Nf3 Bb4+ 6. Bd2 a5 7. Qc2 b5 8. a4 c6 9. axb5 Bxd2+ 10. Nfxd2 Qxd4 11. Qxc4 Qb6 12. 0-0 Bd7 13. Qb3 a4 14. Qa3 Qxb5 15. Nc3 Qh5 16. Nc4 Ra7 17. Qb4 Na6 18. Nd6+ Kf8 19. Qb6 Qc5 20. Qd8+ Ne8 21. Rfd1 Nb4 22. Rxa4 Nd5 23. Nde4 Qe7 24. Qxe7+ Kxe7 25. Rxa7 Nec7 26. Nxd5+ Nxd5 27. Nc5 Rd8 28. Rxd7+ Rxd7 29. Nxd7 Kxd7 30. e4 1-0

[Event "Eastern Asia-ch zt 3.3"]
[Site "Ulaanbaatar"]
[Date "2019.04.14"]
[Round "8"]
[White "Miciano, John Marvin"]
[Black "Batsuren, Dambasuren"]
[Result "1/2-1/2"]
[WhiteElo "2339"]
[BlackElo "2444"]
[PlyCount "138"]
[EventDate "2019.04.07"]
[EventType "swiss"]
[EventRounds "9"]
[EventCountry "MGL"]
[SourceTitle "CBM 189 Extra"]
[Source "ChessBase"]
[SourceDate "2019.06.03"]
[SourceVersion "1"]
[SourceVersionDate "2019.06.03"]
[SourceQuality "1"]

1. e4 e5 2. Nf3 Nc6 3. Bb5 a6 4. Ba4 Nf6 5. 0-0 b5 6. Bb3 Bb7 7. c3 Nxe4 8. d4 exd4 9. Re1 d5 10. Ng5 Qd7 11. f3 h6 12. Nxf7 Qxf7 13. fxe4 0-0-0 14. cxd4 Na5 15. e5 Nxb3 16. axb3 Qe6 17. Be3 Be7 18. Nc3 g5 19. Ne2 h5 20. Rc1 Kb8 21. Qc2 Rc8 22. Rf1 h4 23. Qf5 Qh6 24. h3 b4 25. Kh1 Rcd8 26. Ng1 Rhg8 27. Nf3 Bc8 28. Qc2 Qb6 29. Nh2 Be6 30. Ng4 Rg7 31. Nf6 Kb7 32. Nh5 Rf7 33. Rxf7 Bxf7 34. Nf6 Bxf6 35. exf6 Rg8 36. Qf5 Qe6 37. Qxe6 Bxe6 38. Rf1 Bf7 39. Bd2 a5 40. Rf5 g4 41. Rg5 Rxg5 42. Bxg5 c5 43. dxc5 d4 44. Kg1 Kc6 45. Kf2 Bxb3 46. Ke1 a4 47. Kd2 a3 48. bxa3 bxa3 49. Kc1 d3 50. hxg4 a2 51. Kb2 Kxc5 52. Be3+ Kd6 53. g5 Ke6 54. g6 Kxf6 55. Bd4+ Kxg6 56. Kxb3 Kf5 57. Bc3 Kf4 58. Kxa2 Kg3 59. Kb2 Kxg2 60. Kc1 Kf3 61. Kd2 Ke4 62. Ba5 h3 63. Bc7 Kd4 64. Bd6 Kd5 65. Bf4 Ke4 66. Bd6 Kf3 67. Kxd3 Kg2 68. Ke2 h2 69. Bxh2 Kxh2 1/2-1/2

[Event "Ho Chi Minh City HD Bank op 9th"]
[Site "Ho Chi Minh City"]
[Date "2019.03.12"]
[Round "8"]
[White "Bulmaga, Irina"]
[Black "Miciano, John Marvin"]
[Result "0-1"]
[WhiteElo "2424"]
[BlackElo "2317"]
[PlyCount "122"]
[EventDate "2019.03.07"]
[EventType "swiss"]
[EventRounds "9"]
[EventCountry "VIE"]
[SourceTitle "CBM 189 Extra"]
[Source "ChessBase"]
[SourceDate "2019.06.03"]
[SourceVersion "1"]
[SourceVersionDate "2019.06.03"]
[SourceQuality "1"]

1. e4 c6 2. d4 d5 3. exd5 cxd5 4. Bd3 Nc6 5. c3 Qc7 6. Na3 a6 7. Nc2 e6 8. Nf3 Bd6 9. 0-0 Nge7 10. Re1 Bd7 11. Bd2 f6 12. Ne3 0-0 13. c4 dxc4 14. Bxc4 Kh8 15. Rc1 Rae8 16. h3 Qb6 17. Bb3 Bb8 18. Bc3 Qb5 19. Nc4 a5 20. Na3 Qf5 21. Bd2 Nd5 22. Nh4 Qd3 23. Bc2 Qxd4 24. Re4 Qb6 25. Ng6+ Kg8 26. Rh4 f5 27. Nxf8 Rxf8 28. Bb3 Bg3 29. Bxd5 Bxf2+ 30. Kh1 Bxh4 31. Nc4 Qd8 32. Bf3 Bg5 33. Bxg5 Qxg5 34. Rc2 Be8 35. Re2 Qf4 36. Bxc6 Bxc6 37. Nxa5 Bd5 38. Nb3 Rc8 39. Rc2 Rxc2 40. Qxc2 h6 41. Nc5 Kh7 42. a4 Qf1+ 43. Kh2 Qf4+ 44. Kh1 Qg3 45. Kg1 Qe1+ 46. Kh2 h5 47. Nd7 h4 48. a5 Qg3+ 49. Kg1 Qe1+ 50. Kh2 Bc6 51. Nc5 Qxa5 52. Qf2 Qd8 53. Qf4 Qf6 54. Nd3 Qh6 55. Qe5 Qg5 56. Nf4 Qg3+ 57. Kg1 Bxg2 58. b4 Bxh3+ 59. Kh1 Bg2+ 60. Kg1 Bd5+ 61. Kf1 Bc4+ 0-1

[Event "Ho Chi Minh City HD Bank op 9th"]
[Site "Ho Chi Minh City"]
[Date "2019.03.10"]
[Round "5"]
[White "Miciano, John Marvin"]
[Black "Nguyen, Van Huy"]
[Result "1-0"]
[WhiteElo "2317"]
[BlackElo "2428"]
[PlyCount "65"]
[EventDate "2019.03.07"]
[EventType "swiss"]
[EventRounds "9"]
[EventCountry "VIE"]
[SourceTitle "CBM 189 Extra"]
[Source "ChessBase"]
[SourceDate "2019.06.03"]
[SourceVersion "1"]
[SourceVersionDate "2019.06.03"]
[SourceQuality "1"]

1. e4 c6 2. d4 d5 3. Nd2 dxe4 4. Nxe4 Bf5 5. Ng3 Bg6 6. Nf3 Nd7 7. h4 h6 8. h5 Bh7 9. Bd3 Bxd3 10. Qxd3 e6 11. Bd2 Ngf6 12. 0-0-0 Be7 13. Ne4 Qb6 14. Kb1 Rd8 15. g4 Nxg4 16. Rdg1 f5 17. Neg5 hxg5 18. Rxg4 Qa6 19. c4 Bf6 20. Rxg5 Nc5 21. Qe2 Ne4 22. Rg6 Kf7 23. Be3 Qb6 24. Ka1 c5 25. Ne5+ Ke7 26. dxc5 Qb4 27. f3 Nc3 28. Qh2 Nd1 29. Bc1 Qxc5 30. Rxf6 Kxf6 31. Qh4+ Kxe5 32. Bf4+ Kd4 33. Bd6+ 1-0

[Event "Asian Continental op 17th"]
[Site "Makati"]
[Date "2018.12.14"]
[Round "5"]
[White "Miciano, John Marvin"]
[Black "Bilguun, Sumiya"]
[Result "1/2-1/2"]
[WhiteElo "2354"]
[BlackElo "2497"]
[PlyCount "129"]
[EventDate "2018.12.10"]
[EventType "swiss"]
[EventRounds "9"]
[EventCountry "PHI"]
[SourceTitle "CBM 187 Extra"]
[Source "ChessBase"]
[SourceDate "2018.11.04"]
[SourceVersion "1"]
[SourceVersionDate "2018.11.04"]
[SourceQuality "1"]

1. c4 e6 2. Nf3 c5 3. g3 b6 4. Bg2 Bb7 5. 0-0 Nf6 6. b3 Be7 7. Bb2 d6 8. Nc3 0-0 9. e3 Nbd7 10. d4 a6 11. a4 Rb8 12. Qe2 Ne4 13. Rfd1 Ndf6 14. Nxe4 Bxe4 15. Ne1 Bxg2 16. Nxg2 Qc8 17. Nf4 Rd8 18. d5 e5 19. Nh5 Ne8 20. g4 g6 21. Ng3 Bh4 22. Kg2 Nf6 23. f3 Qd7 24. Bc3 b5 25. cxb5 axb5 26. a5 b4 27. Bb2 Qb5 28. Qc4 Rd7 29. Nf1 Ra7 30. Nd2 Qb7 31. Qd3 h5 32. gxh5 Nxh5 33. Nc4 Qd7 34. Rg1 Re8 35. Qe4 Bd8 36. Qg4 Qe7 37. Kh1 Nf6 38. Qg2 Nxd5 39. f4 Nc3 40. Bxc3 bxc3 41. f5 g5 42. Rgf1 Qf6 43. Qc6 Rf8 44. a6 d5 45. Qxd5 Rxa6 46. Rxa6 Qxa6 47. Qd3 Bf6 48. Qxc3 Rb8 49. Kg1 Rd8 50. Qc2 Kg7 51. Rd1 Rxd1+ 52. Qxd1 Qc6 53. Kf2 Qe4 54. Nd6 Qh4+ 55. Kg1 Be7 56. Nc4 Qe4 57. Qd7 Bf8 58. Kf2 Qh4+ 59. Kg2 Qe4+ 60. Kg3 Kg8 61. f6 Qh4+ 62. Kg2 Qe4+ 63. Kg3 Qh4+ 64. Kg2 Qe4+ 65. Kg3 1/2-1/2

[Event "Asian Continental op 17th"]
[Site "Makati"]
[Date "2018.12.12"]
[Round "3"]
[White "Miciano, John Marvin"]
[Black "Schain, Randolph"]
[Result "1-0"]
[WhiteElo "2354"]
[BlackElo "2229"]
[PlyCount "111"]
[EventDate "2018.12.10"]
[EventType "swiss"]
[EventRounds "9"]
[EventCountry "PHI"]
[SourceTitle "CBM 187 Extra"]
[Source "ChessBase"]
[SourceDate "2018.11.04"]
[SourceVersion "1"]
[SourceVersionDate "2018.11.04"]
[SourceQuality "1"]

1. d4 Nf6 2. g3 g6 3. c4 Bg7 4. Bg2 0-0 5. Nc3 d6 6. Nf3 c5 7. d5 Nbd7 8. 0-0 Qc7 9. h3 a6 10. a4 Rb8 11. Qc2 b6 12. e4 Ne5 13. Nd2 e6 14. f4 Ned7 15. g4 exd5 16. exd5 Re8 17. Nf3 h5 18. g5 Nh7 19. Nh4 Nhf8 20. Kh1 Kh7 21. f5 Bxc3 22. fxg6+ fxg6 23. Qxc3 Ne5 24. Bf4 Qg7 25. Rae1 Bd7 26. Bxe5 Rxe5 27. Rxe5 dxe5 28. Be4 Be8 29. Rf6 Rb7 30. Qf3 Rf7 31. Rxf7 Qxf7 32. Qxf7+ Bxf7 33. Nf3 Nd7 34. d6 Be6 35. Bc6 Nb8 36. Nxe5 Kg7 37. h4 Nxc6 38. Nxc6 Kf8 39. Ne5 Ke8 40. Kg2 Bf5 41. Kf3 Bc2 42. Kf4 a5 43. Nf3 Kd7 44. Ke5 Bxa4 45. Nd2 Bc2 46. Nf1 Bd3 47. Ne3 a4 48. Nd5 Kc6 49. Ke6 Bf5+ 50. Ke7 b5 51. Nc3 bxc4 52. Nxa4 Kb5 53. Nc3+ Kc6 54. Ne4 Kd5 55. Ng3 c3 56. bxc3 1-0